000 00494nam a2200193Ia 4500
005 20250923144807.0
008 008 250917s9999 xx 000 0 eng d
037 _aTextual
040 _aDSWL
_beng
_cDSWL
041 _aeng
_2eng
084 _qDSWL
245 0 _aHistory and philosophy of social work
_cEd. by A.R. Wadia
260 _aBombay
_bAlliedPublication
_c1961
300 _axiii,522p.
365 _aINR
_b25
925 _g25
942 _cTEXL
999 _c1443424
_d1443424